000 00658nam a22002177a 4500
003 OSt
005 20140310181920.0
008 130718t xxu||||| |||| 00| 0 eng d
020 _a0880101792
050 _aBP 595
_b.St822 1971
082 _aTR 299.93
_bSt3 1971
100 _aSteiner, Rudolf
_91588
245 _aTheosophy :
_ban introduction to the supersensible knowledge of the world and the destination of man /
_cRudolf Steiner.
260 _aNew York :
_bAnthroposophic Press,
_c1971.
300 _a195 p. :
_c18 cm.
521 _aFaculty
541 _j1
562 _e1
650 _aAnthroposophy
_91589
942 _2lcc
_cBK-TR
_kTR
999 _c6965
_d6965